| 000 | 02496nam a22001697a 4500 | ||
|---|---|---|---|
| 003 | SGT | ||
| 020 | _a9788126515547 | ||
| 082 | _a546,LEE | ||
| 100 | _aLEE,J.D. | ||
| 245 | _aCONCISE INORGANIC CHEMISTRY | ||
| 250 | _a5TH | ||
| 260 |
_aNEW DELHI _bWIILEY-INDIA _c2014 |
||
| 300 | _a1032 | ||
| 650 | _aINORGANIC CHEMISTRY | ||
| 653 | _aPREFACE TO THE FIFTH EDITION SI UNITS NOMENCLATURE IN THE PERIODIC TABLE PART I THEORETICAL CONCEPTS AND HYDROGEN • ATOMIC STRUCTURE AND THE PERIODIC TABLE • INTRODUCTION TO BONDING • THE IONIC BOND • THE COVALENT BOND • THE METALLIC BOND • GENERAL PROPERTIES OF THE ELEMENTS • COORDINATION COMPOUNDS • HYDROGEN AND THE HYDRIDES PART II THE S-BLOCK ELEMENTS • GROUP 1 - THE ALKALI METALS • THE CHLOR-ALKALI INDUSTRY • GROUP 2 - THE ALKALINE EARTH ELEMENTS • PART III THE P-BLOCK ELEMENTS • THE GROUP 13 ELEMENTS • THE GROUP 14 ELEMENTS • THE GROUP 15 ELEMENTS • GROUP 16 - THE CHALCOGENS • GROUP 17 - THE HALOGENS • GROUP 18 - THE NOBLE GASES PART IV THE D-BLOCK ELEMENTS • AN INTRODUCTION TO THE TRANSITION ELEMENTS • GROUP 3 - THE SCANDIUM GROUP • GROUP 4 - THE TITANIUM GROUP • GROUP 5 - THE VANADIUM GROUP • GROUP 6 - THE CHROMIUM GROUP • GROUP 7 - THE MANGANESE GROUP • GROUP 8 - THE IRON GROUP • GROUP 9 - THE COBALT GROUP • GROUP 10 - THE NICKEL GROUP • GROUP 11 - THE COPPER GROUP: COINAGE METALS • GROUP 12 - THE ZINC GROUP PART V THE F-BLOCK ELEMENTS • THE LANTHANIDE SERIES • THE ACTINIDES PART VI OTHER TOPICS • THE ATOMIC NUCLEUS • SPECTRA APPENDIX A ABUNDANCE OF THE ELEMENT SIN THE EARTH'S CRUST APPENDIX B MELTING POINTS OF THE ELEMENTS APPENDIX C BOLING POINTS O THE ELEMENTS APPENDIX D DENSITIES OF THE SOLID AND LIQUID ELEMENTS APPENDIX E ELECTRONIC STRUCTURES OF THE ELEMENTS APPENDIX F SOME AVERAGE SINGLE BOND ENERGIES AND SOME DOUBLE AND TRIPLE BOND ENERGIES APPENDIX G SOLUBILITIES OF MAIN GROUP COMPOUNDS IN WATER APPENDIX H ATOMIC WEIGHTS BASED ON 12C = 12000 APPENDIX I VALUES OF SOME FUNDAMENTAL PHYSICAL CONSTANTS APPENDIX J ELECTRICAL RESISTIVITY OF THE ELEMENTS AT THE STATED TEMPERATURE APPENDIX K TOP FIFTY CHEMICALS IN THE USA, 1994 APPENDIX L INORGANIC CHEMICALS MANUFACTURED IN LARGE TONNAGES WORLDWIDE APPENDIX M MINERALS USED IN LARGE AMOUNTS APPENDIX N HARDNESS OF MINERALS - MOHS' SCALE APPENDIX O STANDARD TEXTBOOKS INDEX | ||
| 942 |
_2ddc _cFCM _09 |
||
| 999 |
_c9248 _d9248 |
||